Mluvená angličtina pro vědecké a odborné pracovníky /

Salvato in:
Dettagli Bibliografici
Autori principali: Dušková, Libuše (Autore), Bubeníková, Libuše (Autore), Rejtharová, Vlasta (Autore)
Natura: Libro
Pubblicazione: Praha : Academia, 1981
Edizione:2.vyd.
Tags: Aggiungi Tag
Nessun Tag, puoi essere il primo ad aggiungerne!!

MARC

LEADER 00000nam a22000003a 4500
001 stu48302
005 20150617225659.8
008 ------s1981----cs----------------------d
040 |a STU  |b slo 
041 0
044 |a cs 
080 |a 802.0 
100 1 |a Dušková, Libuše  |4 aut 
245 1 |a Mluvená angličtina pro vědecké a odborné pracovníky /  |c [aut.] Dušková,L.; Rejtharová,V.; Bubeníková,L 
250 |a 2.vyd. 
260 |a Praha :  |b Academia,  |c 1981 
300 |a 344 s 
700 1 |a Bubeníková, Libuše  |4 aut 
700 1 |a Rejtharová, Vlasta  |4 aut 
996 |b J82760  |c J*82760/K 3  |l JJK3  |s P  |a 0  |w stu48302_0001